<?xml version="1.0" encoding="UTF-8"?>
<record
    xmlns:xsi="http://www.w3.org/2001/XMLSchema-instance"
    xsi:schemaLocation="http://www.loc.gov/MARC21/slim http://www.loc.gov/standards/marcxml/schema/MARC21slim.xsd"
    xmlns="http://www.loc.gov/MARC21/slim">

  <leader>03832nam a2200457 i 4500</leader>
  <controlfield tag="001">59919</controlfield>
  <controlfield tag="003">FINmELB</controlfield>
  <controlfield tag="005">20241217142037.0</controlfield>
  <controlfield tag="006">m     o  u        </controlfield>
  <controlfield tag="007">cr cn|||||||||</controlfield>
  <controlfield tag="008">210928s2019    ag      o     000 0 spa d</controlfield>
  <datafield tag="020" ind1=" " ind2=" ">
    <subfield code="a">9789502329086</subfield>
    <subfield code="q">(e-book)</subfield>
  </datafield>
  <datafield tag="035" ind1=" " ind2=" ">
    <subfield code="a">(OCoLC)1280141461</subfield>
  </datafield>
  <datafield tag="040" ind1=" " ind2=" ">
    <subfield code="a">FINmELB</subfield>
    <subfield code="b">spa</subfield>
    <subfield code="e">rda</subfield>
    <subfield code="c">FINmELB</subfield>
  </datafield>
  <datafield tag="050" ind1=" " ind2="4">
    <subfield code="a">JA71</subfield>
    <subfield code="b">.G634 2019</subfield>
  </datafield>
  <datafield tag="080" ind1=" " ind2=" ">
    <subfield code="a">32</subfield>
  </datafield>
  <datafield tag="082" ind1="0" ind2="4">
    <subfield code="a">320.01</subfield>
    <subfield code="2">23</subfield>
  </datafield>
  <datafield tag="245" ind1="0" ind2="0">
    <subfield code="a">Gobernanza moderna :</subfield>
    <subfield code="b">teor&#xED;a y aplicaciones /</subfield>
    <subfield code="c">Nora Gorrochategui (compiladora).</subfield>
  </datafield>
  <datafield tag="264" ind1=" " ind2="1">
    <subfield code="a">Ciudad Aut&#xF3;noma de Buenos Aires :</subfield>
    <subfield code="b">Eudeba,</subfield>
    <subfield code="c">2019.</subfield>
  </datafield>
  <datafield tag="300" ind1=" " ind2=" ">
    <subfield code="a">1 recurso en l&#xED;nea ( 431 p&#xE1;ginas sin numerar)</subfield>
  </datafield>
  <datafield tag="336" ind1=" " ind2=" ">
    <subfield code="a">texto</subfield>
    <subfield code="b">txt</subfield>
    <subfield code="2">rdacontent/spa</subfield>
  </datafield>
  <datafield tag="337" ind1=" " ind2=" ">
    <subfield code="a">computadora</subfield>
    <subfield code="b">c</subfield>
    <subfield code="2">rdamedia/spa</subfield>
  </datafield>
  <datafield tag="338" ind1=" " ind2=" ">
    <subfield code="a">recurso en l&#xED;nea</subfield>
    <subfield code="b">cr</subfield>
    <subfield code="2">rdacarrier/spa</subfield>
  </datafield>
  <datafield tag="490" ind1="1" ind2=" ">
    <subfield code="a">Temas Econom&#xED;a</subfield>
  </datafield>
  <datafield tag="505" ind1="0" ind2=" ">
    <subfield code="a">P&#xC1;GINA LEGAL -- &#xCD;NDICE DE CONTENIDO -- PR&#xD3;LOGO -- TECNOLOG&#xCD;AS PARA LA GOBERNANZA MODERNA -- SECCI&#xD3;N I. GESTI&#xD3;N DE STAKEHOLDERS O PARTES INTERESADAS -- GESTI&#xD3;N MINERA: LA RELACI&#xD3;N ENTRE EL GOBIERNO PROVINCIAL Y SUS STAKEHOLDERS -- MAPEO FUZZY DE LOS STAKEHOLDERS DEL CLUSTER SHALE DE VACA MUERTA -- PONDERACI&#xD3;N DE LOS STAKEHOLDERS EN FUNCI&#xD3;N DEL ENFOQUE DE LA GOBERNANZA (...) -- LAS ORGANIZACIONES SOCIALES COMUNITARIAS DE BASE COMO STAKEHOLDERS DEL (...) -- SECCI&#xD3;N II. RENDICI&#xD3;N DE CUENTAS Y LUCHA CONTRA LA CORRUPCI&#xD3;N -- LA GOBERNANZA Y LA RENDICI&#xD3;N DE CUENTAS -- LA INFLUENCIA DE LAS CONVENCIONES INTERNACIONALES EN EL CONTROL DE LA (...) -- EL CAMINO ANTICORRUPCI&#xD3;N RECORRIDO POR EL ECUADOR NARRADO POR LAS (...) -- LAVADO DE ACTIVOS Y FINANCIACI&#xD3;N DEL TERRORISMO. ESTRUCTURAS PARA EL (...) -- SECCI&#xD3;N III. INNOVACIONES EN LA GESTI&#xD3;N P&#xDA;BLICA -- GESTI&#xD3;N MODERNA DE RECURSOS HUMANOS EN EL SECTOR P&#xDA;BLICO. &#xBF;UNA ASIGNATURA (...) -- GOBIERNO ABIERTO E INNOVACI&#xD3;N. AN&#xC1;LISIS DE LA EXPERIENCIA EN LA CIUDAD DE (...) -- INNOVACIONES DE LA GOBERNANZA MODERNA EN EL MINISTERIO DE TURISMO DE LA (...) -- REFLEXIONES SOBRE LA GOBERNANZA MODERNA APLICABLES A LAS ORGANIZACIONES (...).</subfield>
  </datafield>
  <datafield tag="520" ind1=" " ind2=" ">
    <subfield code="a">La expresi&#xF3;n &#x201C;gobernanza moderna&#x201D;, acu&#xF1;ada por Renate Mayntz (2005), se utiliza para referirse a la cooperaci&#xF3;n entre autoridades estatales y actores de la sociedad civil para la formulaci&#xF3;n e implementaci&#xF3;n de pol&#xED;ticas p&#xFA;blicas o la soluci&#xF3;n de problemas. En una acepci&#xF3;n tradicional la gobernanza estuvo referida a la forma en que las autoridades ejerc&#xED;an su poder soberano sobre la sociedad civil, pero este concepto, que responde a un modelo jer&#xE1;rquico o de control centrado en el Estado, ha ido evolucionado hacia una nueva forma de gobernar en la cual diversos actores participan y cooperan en la formulaci&#xF3;n y ejecuci&#xF3;n de las pol&#xED;ticas p&#xFA;blicas. El libro nos muestra un camino a seguir: la necesidad de profundizar las investigaciones para ensanchar el alcance de la teor&#xED;a y, de esa forma, aportar a la gesti&#xF3;n p&#xFA;blica una gu&#xED;a adecuada de buen gobierno. Abrigamos la esperanza de que los lectores de esta obra se sientan motivados para unirse a los autores en la tarea.</subfield>
  </datafield>
  <datafield tag="588" ind1=" " ind2=" ">
    <subfield code="a">Descripci&#xF3;n basada en metadatos suministrados por el editor y otras fuentes.</subfield>
  </datafield>
  <datafield tag="590" ind1=" " ind2=" ">
    <subfield code="a">Recurso electr&#xF3;nico. Santa Fe, Arg.: elibro, 2021. Disponible v&#xED;a World Wide Web. El acceso puede estar limitado para las bibliotecas afiliadas a elibro.</subfield>
  </datafield>
  <datafield tag="650" ind1=" " ind2="0">
    <subfield code="a">Economics.</subfield>
  </datafield>
  <datafield tag="650" ind1=" " ind2="0">
    <subfield code="a">Political science.</subfield>
  </datafield>
  <datafield tag="650" ind1=" " ind2="4">
    <subfield code="a">Ciencia pol&#xED;tica.</subfield>
  </datafield>
  <datafield tag="650" ind1=" " ind2="4">
    <subfield code="a">Econom&#xED;a.</subfield>
  </datafield>
  <datafield tag="655" ind1=" " ind2="4">
    <subfield code="a">Libros electr&#xF3;nicos.</subfield>
  </datafield>
  <datafield tag="700" ind1="1" ind2=" ">
    <subfield code="a">Gorrochategui, Nora,</subfield>
    <subfield code="e">compiladora.</subfield>
  </datafield>
  <datafield tag="797" ind1="2" ind2=" ">
    <subfield code="a">elibro, Corp.</subfield>
  </datafield>
  <datafield tag="830" ind1=" " ind2="0">
    <subfield code="a">Temas Econom&#xED;a.</subfield>
  </datafield>
  <datafield tag="856" ind1="4" ind2="0">
    <subfield code="u">https://elibro.net/ereader/politecnicointernacional/153588</subfield>
  </datafield>
  <datafield tag="999" ind1=" " ind2=" ">
    <subfield code="c">59919</subfield>
    <subfield code="d">59919</subfield>
  </datafield>
</record>
